000 00668nam a2200265Ia 4500
005 20260306163939.0
008 008 260114s9999 xx 000 0 eng d
020 _a9781529222982
037 _aEBOOK
040 _aCRL
040 _beng
040 _cCRL
041 _2eng
041 _aeng
084 _qCRL
100 _aCapuano
_9896681
245 0 _aClass And Social Background Discrimination In The Modern Workplace: Mapping Inequality In The Digital Age
260 _bThe Policy Press
260 _c2024
650 _aLaw
856 _uhttps://academic.oup.com/book/55680
942 _cEBOOK
999 _c1712130
_d1712130